ბათუმის შოთა რუსთაველის სახელმწიფო უნივერსიტეტის ბიბლიოთეკა

Математическая теория контекстносвободных языков. The Mathematical Theory of Context-Free Languages. (ბიბ.ჩანაწერი № 38930)

000 -LEADER
fixed length control field 00775nam a2200205Ia 4500
001 - CONTROL NUMBER
control field 5353
003 - CONTROL NUMBER IDENTIFIER
control field GE_BSU
008 - FIXED-LENGTH DATA ELEMENTS--GENERAL INFORMATION
fixed length control field 181216s||||||||xx |||||||||||||| ||und||
040 ## - CATALOGING SOURCE
Transcribing agency GE_BSU
080 ## - UNIVERSAL DECIMAL CLASSIFICATION NUMBER
Universal Decimal Classification number 81
100 ## - MAIN ENTRY--PERSONAL NAME
Personal name Гинзбург, Сеймур.
245 ## - TITLE STATEMENT
Title Математическая теория контекстносвободных языков. The Mathematical Theory of Context-Free Languages.
245 ## - TITLE STATEMENT
Statement of responsibility, etc. Пер. с английского. Под. ред. А.В. Гладкого.
260 ## - PUBLICATION, DISTRIBUTION, ETC.
Place of publication, distribution, etc. Москва
260 ## - PUBLICATION, DISTRIBUTION, ETC.
Name of publisher, distributor, etc. Мир
260 ## - PUBLICATION, DISTRIBUTION, ETC.
Date of publication, distribution, etc. 1970
300 ## - PHYSICAL DESCRIPTION
Extent 326 с. 20 см.
653 ## - INDEX TERM--UNCONTROLLED
Uncontrolled term Математическая теория контекстносвободных языков. The Mathematical Theory of Context-Free Languages.
942 ## - ADDED ENTRY ELEMENTS (KOHA)
Koha item type წიგნი
ეგზემპლარები
Withdrawn status Lost status Damaged status Not for loan Date acquired Barcode Date last seen Price effective from Koha item type Public note
        2018-12-17 16351 2018-12-17 2018-12-17 წიგნი დარბაზი